Centrifugal pumps: design and application (Record no. 14879)

MARC details
000 -LEADER
fixed length control field 00255nam a22001097a 4500
082 ## - DEWEY DECIMAL CLASSIFICATION NUMBER
Classification number 621.67LOB
100 ## - MAIN ENTRY--AUTHOR NAME
Personal name Lobanoff
245 ## - TITLE STATEMENT
Title Centrifugal pumps: design and application
260 ## - PUBLICATION, DISTRIBUTION, ETC. (IMPRINT)
Place of publication Tokyo
Name of publisher Gulf professional pub
Year of publication 1986
300 ## - PHYSICAL DESCRIPTION
Number of Pages 374p
942 ## - ADDED ENTRY ELEMENTS (KOHA)
Koha item type Books
Holdings
Withdrawn status Lost status Home library Current library Date acquired Cost, normal purchase price Full call number Accession Number Koha item type
    Central Library, QUEST, Nawabshah Central Library, QUEST, Nawabshah 30/11/2015 1038.70 621.67LOB 13631 Books